000
00220 a2200097 4500
001
48268
100
_a
Asif Iqbal
245
_a
Some aspects of Iqbal thought
260
_a
Lahore
_b
Islamic book
_c
090
_c
31222
_d
31222
942
_a
NUST-CAE
_c
M
_c
23584
999
_c
283341
_d
283341